01383nam a2200409Ic 450000100060000000300100000600500170001600700030003300800410003602000180007704000350009504100080013008200140013811000310015224500990018325000450028226400390032730000180036633600270038433700330041133800280044449000250047250000380049750000380053565000210057365000320059465000250062665000290065165000310068065000210071165000180073265000280075070000370077894200120081599900170082795201290084459368CO-BoRNBP20251006220617.0ta180815s2016 sp g 000 0 spa  a9788420664200 aCO-BoRNBPbspaerdacCO-BoRNBP aspa04a508bS13c2 aScientific American96534610aCuestiones curiosas de ciencia /cScientific American ; traducción Dulcinea Otero-Piñeiro. aPrimera ediciónbsegunda reimpresión 1aMadird, España :bAlianza,c2016 a285 páginas atextobtxt2rdacontent asin mediaciónbn2rdamedia avolumenbnc2rdacarrier0 aEl libro de bolsillo aRecomendado para público adulto aRecomendado para público adulto07aBioquimica2LEMB07aCiencias de la tierra2lemb07aPlanetas2lemb9460707aSatélites2lemb96534707aSeres humanos2lemb96534807aAstronomia2LEMB07aCiencia2LEMB07aBiología2LEMB917382 aOtero-Piñeiro, Dulcinea965349 2ddccBK c59368d59368 00102ddc40708GENaMEMAPJGAbMEMAPJGAcGENd2025-10-06l0o508 S13cpMPJG00741r2025-10-06 22:07:30tEj.1w2025-10-06yBK